Vplyv zmien vonkajšieho medzinárodného marketingového prostredia na spotrebiteľské správanie a reakcie firiem na ne bakalárska práca

Salvato in:
Dettagli Bibliografici
Autore principale: Lenhartová, Lea
Ente Autore: Obchodná fakulta EU. Katedra medzinárodného obchodu
Altri autori: Zorkóciová, Otília, 1954-
Natura: Libro
Lingua:slovacco
Pubblicazione: Bratislava 2023
Tags: Aggiungi Tag
Nessun Tag, puoi essere il primo ad aggiungerne!!

MARC

LEADER 00000nbm a2200000 4500
001 0294797
005 20240206094106.3
041 0 |a slo 
044 |a SK 
245 1 0 |a Vplyv zmien vonkajšieho medzinárodného marketingového prostredia na spotrebiteľské správanie a reakcie firiem na ne  |b bakalárska práca  |c Lea Lenhartová ; školiteľ: Otília Zorkóciová 
264 1 |a Bratislava  |c 2023 
300 |a 58 s. 
100 1 |a Lenhartová, Lea 
700 1 |a Zorkóciová, Otília, 1954- 
710 2 |a Obchodná fakulta EU. Katedra medzinárodného obchodu